000 00624nam a2200241 a 4500
001 nice12345678
003 IN_TiNIC
005 20260116013545.0
008 050524s1994 mada grp 000 0 eng
020 _a
_c40
082 0 0 _a291.172
_bSEL2
100 _aSelvanayagam, Israel
245 _aToward a Humanist Theology of Religious Harmony.
260 _aMadurai
_bTamilnadu Theological Seminary
_c1994
300 _a62p
500 _aincludes index and biblioraphy
505 2 _aIndex
650 _aInterfaith Dialogue
700 1 _aSelvanayagam, Israel
902 _bSRS
942 _cBK
999 _c11461
_d11461